[Event "SZCZYRK OPEN - TURNIEJ Z OKAZJI SWIETA NIEPODLEGLOSCI - BLITZ 3'+2'' "]
[Site "Szczyrk"]
[Date "2018-11-11"]
[Round "5.21"]
[White "Rylski, Tadeusz"]
[Black "Galuszka, Tomasz "]
[Result "0-1"]
[WhiteTitle ""]
[BlackTitle ""]
[WhiteElo "1098"]
[BlackElo "1787"]

1. d4 d5 2. c4 c6 3. Nf3 Nf6 4. Nc3 e6 5. Bf4 Bd6 6. Bxd6 Qxd6 7. e3 O-O 8. c5
Qe7 9. Bd3 Nbd7 10. b4 e5 11. dxe5 Nxe5 12. Nxe5 Qxe5 13. Qc2 d4 14. Ne4 Nxe4
15. exd4 Qxd4 16. Rd1 Qc3+ 17. Kf1 Qxc2 18. Bxc2 Nf6 19. f3 Be6 20. a3 Rfd8 21.
Kf2 Kf8 22. g4 h6 23. h4 Rxd1 24. Rxd1 Ke7 25. a4 Rd8 26. Bd3 Nd5 27. b5 Nf4 28.
Ke3 Nxd3 29. Rxd3 Rxd3+ 30. Kxd3 Bd5 31. f4 Bf3 32. g5 Ke6 33. Ke3 Bd5 34. Kf2
Kf5 35. Kg3 Bb3 36. a5 cxb5 37. a6 bxa6 38. c6 Be6 39. c7 a5 40. gxh6 gxh6 41.
h5 a4 42. c8=B Bxc8 43. Kh4 a3 44. Kg3 a2 45. Kh4 a1=Q 46. Kg3 b4 47. Kh4 b3 48.
Kg3 Qe1+ 49. Kh2 b2 50. Kh3 b1=R 51. Kh2 Rb2+ 52. Kh3 Kxf4# 0-1

[Event "SZCZYRK OPEN - TURNIEJ Z OKAZJI SWIETA NIEPODLEGLOSCI - BLITZ 3'+2'' "]
[Site "Szczyrk"]
[Date "2018-11-11"]
[Round "5.22"]
[White "Lokaj, Bartlomiej"]
[Black "Dytman, Radoslaw "]
[Result "0-1"]
[WhiteTitle ""]
[BlackTitle ""]
[WhiteElo "1252"]
[BlackElo "1786"]

1. e4 c5 2. c3 g6 3. d4 cxd4 4. cxd4 Bg7 5. Nf3 d6 6. Nc3 Nc6 7. Be3 Nf6 8. Bb5
O-O 9. O-O Bd7 10. Rc1 Rc8 11. Qd2 a6 12. Bxc6 Bxc6 13. d5 Bd7 14. Rc2 Qa5 15.
Rfc1 Rc7 16. a3 Rcc8 17. Qd3 Ng4 18. h3 Nxe3 19. Qxe3 Rc4 20. Na2 Rxc2 21. Rxc2
Rc8 22. Nc3 Ba4 23. Rc1 Bd7 24. Qd2 b5 25. b4 Qxa3 26. Rb1 0-1

[Event "SZCZYRK OPEN - TURNIEJ Z OKAZJI SWIETA NIEPODLEGLOSCI - BLITZ 3'+2'' "]
[Site "Szczyrk"]
[Date "2018-11-11"]
[Round "5.23"]
[White "Niedorys, Karolina "]
[Black "Temel, Jan "]
[Result "0-1"]
[WhiteTitle ""]
[BlackTitle ""]
[WhiteElo "1141"]
[BlackElo "1762"]

1. e4 e6 2. d4 d5 3. exd5 exd5 4. Bd3 Nf6 5. c3 Nc6 6. Bg5 Be7 7. Qe2 O-O 8. Nf3
Re8 9. O-O Bg4 10. h3 Bh5 11. Qc2 Bxf3 12. gxf3 h6 13. Bxf6 Bxf6 14. Nd2 Ne7 15.
Rfe1 Bg5 16. Nb3 Qd7 17. Nc5 Qxh3 18. Nxb7 Bf4 19. Kf1 0-1

[Event "SZCZYRK OPEN - TURNIEJ Z OKAZJI SWIETA NIEPODLEGLOSCI - BLITZ 3'+2'' "]
[Site "Szczyrk"]
[Date "2018-11-11"]
[Round "5.24"]
[White "Demski, Michal "]
[Black "Marciniak, Leonard "]
[Result "1-0"]
[WhiteTitle ""]
[BlackTitle ""]
[WhiteElo "1762"]
[BlackElo "1458"]

1. e4 d6 2. d4 e5 3. dxe5 dxe5 4. Qxd8+ Kxd8 5. Nf3 f6 6. Nc3 c6 7. a3 Kc7 8. Be3
Nd7 9. Bc4 Bc5 10. Bxc5 Nxc5 11. O-O-O Be6 12. Bxe6 Nxe6 13. Nd2 Ne7 14. Nc4 Rad8
15. g3 Rxd1+ 16. Rxd1 Rd8 17. Re1 b5 18. Ne3 a6 19. f3 a5 20. Ne2 Nd4 21. Nxd4
Rxd4 22. c3 Rd6 23. f4 exf4 24. gxf4 Re6 25. Ng2 f5 26. e5 Nd5 27. Kd2 g6 28.
Ke2 a4 29. Kf3 c5 30. Rd1 Kc6 31. Ne1 g5 32. Nd3 gxf4 33. Rg1 c4 34. Nxf4 Rxe5
35. Nxd5 Rxd5 36. Ke3 Rd3+ 37. Ke2 Rd7 38. Rg5 Rf7 39. Kf3 Kd5 40. Kf4 Ke6 41.
Rh5 Rf6 42. Rxh7 Rg6 43. Rb7 Rg4+ 44. Kf3 Rh4 45. Kg3 Rg4+ 46. Kh3 Ke5 47. Rxb5+
Kf4 48. Rc5 Kf3 49. Rxf5+ Rf4 50. Rxf4+ Kxf4 51. Kg2 Ke3 52. h4 Kd2 53. h5 Kc2
54. h6 Kxb2 55. h7 Kxa3 56. h8=Q Kb2 57. Qd4 a3 58. Qxc4 a2 59. Qxa2+ Kxa2 60.
c4 Kb3 61. c5 1-0

[Event "SZCZYRK OPEN - TURNIEJ Z OKAZJI SWIETA NIEPODLEGLOSCI - BLITZ 3'+2'' "]
[Site "Szczyrk"]
[Date "2018-11-11"]
[Round "5.25"]
[White "Werner, Kacper "]
[Black "Fic, Wieslaw "]
[Result "0-1"]
[WhiteTitle ""]
[BlackTitle ""]
[WhiteElo "1240"]
[BlackElo "1759"]

1. e4 c5 2. Nf3 d6 3. d4 cxd4 4. Nxd4 Nf6 5. Bd3 g6 6. c4 Bg7 7. Nc3 O-O 8. f3
Nc6 9. Nxc6 bxc6 10. O-O Nd7 11. Qc2 Rb8 12. Be3 c5 13. b3 Ne5 14. Rac1 Nc6 15.
Ne2 e5 16. Qd2 Qe7 17. Bb1 f5 18. Rfd1 f4 19. Bf2 Nd4 20. Nxd4 exd4 21. Qe1 g5
22. Rd3 h5 23. a3 Rf7 24. b4 Be5 25. b5 Rg7 26. a4 g4 27. fxg4 hxg4 28. Qf1 g3
29. hxg3 fxg3 30. Be1 Qh4 31. Qf3 Bg4 32. Bxg3 Bxf3 33. Bxh4 Rxg2+ 34. Kf1 Bxe4
35. Rb3 Rf8+ 36. Ke1 Rg1+ 37. Kd2 Bf4+ 38. Ke2 Bxc1 39. Bxe4 Re8 0-1

[Event "SZCZYRK OPEN - TURNIEJ Z OKAZJI SWIETA NIEPODLEGLOSCI - BLITZ 3'+2'' "]
[Site "Szczyrk"]
[Date "2018-11-11"]
[Round "5.26"]
[White "Hasinski, Krystian "]
[Black "Turowski, Maciej "]
[Result "1/2-1/2"]
[WhiteTitle ""]
[BlackTitle ""]
[WhiteElo "1742"]
[BlackElo "1322"]

1. d4 d5 2. c4 e6 3. Nc3 Nf6 4. Nf3 c6 5. Bf4 Bd6 6. Bxd6 Qxd6 7. e3 Nbd7 8. Bd3
O-O 9. O-O dxc4 10. Bxc4 b5 11. Bd3 Bb7 12. Qc2 h6 13. Rac1 Rfc8 14. Ne4 Qe7 15.
Nc5 Nxc5 16. dxc5 Rd8 17. Rfd1 Rd5 18. e4 Rd7 19. Be2 Rad8 20. Rxd7 Rxd7 21. Rd1
Rxd1+ 22. Bxd1 Qd7 23. Be2 a5 24. h3 Bc8 25. Ne5 Qc7 26. f4 Nd7 27. Nxd7 Bxd7
28. e5 Be8 29. Bf3 f6 30. Qc3 fxe5 31. Qxe5 Qxe5 32. fxe5 Kf7 33. Kf2 Kg6 34.
Be4+ Kg5 35. g3 g6 36. Kf3 h5 37. h4+ Kh6 38. b3 g5 39. a3 gxh4 40. gxh4 Kg7 41.
Kf4 Kh6 42. b4 a4 43. Bg2 Bd7 44. Bh3 Bc8 45. Bg2 Bd7 46. Bf3 Be8 47. Be4 Bd7
48. Bd3 Be8 49. Be2 Bd7 50. Bf1 Be8 51. Bh3 Bd7 52. Ke4 Kg7 53. Bf1 Be8 54. Be2
Kh6 55. Bf3 Bd7 56. Kf4 Be8 57. Bg2 Bd7 58. Bh3 Bc8 59. Ke3 Kg7 60. Kd4 Bd7 61.
Bf1 Kh6 62. Bd3 Kg7 63. Be4 Kh6 64. Bf3 Be8 65. Be2 Bd7 66. Bd1 Be8 67. Bc2 Bd7
68. Be4 Be8 69. Ke3 Kg7 70. Kf4 Kh6 71. Bf3 Bd7 72. Bg2 Be8 73. Bh3 Bd7 74. Ke4
Bc8 75. Kd4 Bd7 76. Kc3 Bc8 77. Kd2 Bd7 78. Ke3 Kg7 79. Kf4 Kh6 80. Bg2 Be8 81.
Be4 Bd7 82. Bd3 Be8 83. Be4 Bd7 84. Bc2 Be8 85. Bd1 Bd7 86. Bf3 Be8 87. Be4 Bd7
88. Ke3 Be8 89. Kd4 Bd7 90. Bf3 Be8 91. Bd1 Bd7 92. Be2 Kg7 93. Bd3 Kh6 94. Be4
Be8 95. Bf3 Bd7 96. Ke4 Be8 97. Kf4 Bd7 98. Bd1 Be8 99. Bc2 Bd7 1/2-1/2

[Event "SZCZYRK OPEN - TURNIEJ Z OKAZJI SWIETA NIEPODLEGLOSCI - BLITZ 3'+2'' "]
[Site "Szczyrk"]
[Date "2018-11-11"]
[Round "5.28"]
[White "Sulkowski, Andrzej "]
[Black "Ignatowski, Nikodem"]
[Result "1-0"]
[WhiteTitle ""]
[BlackTitle ""]
[WhiteElo "1693"]
[BlackElo "1316"]

1. d4 d5 2. c4 c6 3. Nf3 Nf6 4. Nc3 e6 5. cxd5 cxd5 6. Bf4 a6 7. e3 Nc6 8. Bd3
Bb4 9. Qc2 Qa5 10. g4 Bxc3+ 11. bxc3 b5 12. Bd6 Bb7 13. g5 Ne4 14. Bxe4 dxe4 15.
Nd2 Ne7 16. Nb3 Qd8 17. Be5 Rg8 18. Nc5 Bd5 19. Nxe4 Rc8 20. Nd6+ Kf8 21. Nxc8
Bxh1 22. Nd6 Nd5 23. e4 Nb6 24. Ke2 Bg2 25. h4 Nc4 26. Nxc4 bxc4 27. Rg1 Bh3 28.
Rg3 f6 29. Rxh3 fxe5 30. Rf3+ Ke7 31. Qa4 exd4 32. Qb4+ Ke8 33. Qxc4 dxc3 34.
Qxe6+ Qe7 35. Qxg8+ Kd7 36. Rf7 1-0

[Event "SZCZYRK OPEN - TURNIEJ Z OKAZJI SWIETA NIEPODLEGLOSCI - BLITZ 3'+2'' "]
[Site "Szczyrk"]
[Date "2018-11-11"]
[Round "5.29"]
[White "Kania, Pawel "]
[Black "Sulkowski, Dawid "]
[Result "1-0"]
[WhiteTitle ""]
[BlackTitle ""]
[WhiteElo "1644"]
[BlackElo "1295"]

1. e4 e5 2. Nf3 Nc6 3. d4 exd4 4. Bc4 Nf6 5. e5 d5 6. Bb5 Ne4 7. Nxd4 Bd7 8. Bxc6
Bxc6 9. O-O Be7 10. f3 Nc5 11. Be3 O-O 12. f4 Re8 13. Nd2 Ne4 14. Nxe4 dxe4 15.
c3 Qd7 16. Qc2 Rad8 17. Rad1 Qg4 18. h3 Qg3 19. Qf2 Qxf2+ 20. Bxf2 a6 21. Nxc6
bxc6 22. b4 Rd3 23. Rxd3 exd3 24. Bd4 Rd8 25. Kf2 a5 26. a3 c5 27. bxc5 Rd5 28.
Ke3 Bxc5 29. Bxc5 Rxc5 30. Kxd3 Rb5 31. Kc4 c6 32. Rd1 Kf8 33. Rd6 Rb2 34. Rxc6
Rxg2 35. Kb5 Rf2 36. Rc4 Rf3 37. Kxa5 Rxh3 38. Kb6 Rh1 39. a4 h5 40. Rc7 Rb1+
41. Kc5 h4 42. Rd7 Ra1 43. Kb4 Rb1+ 44. Ka5 h3 45. Rd8+ Ke7 46. Rh8 Rh1 47. c4
h2 48. Ka6 Ke6 49. a5 Kf5 50. c5 Kxf4 51. c6 Rc1 52. Kb7 h1=Q 53. Rxh1 Rxh1 54.
c7 Rc1 55. c8=Q Rb1+ 1-0

[Event "SZCZYRK OPEN - TURNIEJ Z OKAZJI SWIETA NIEPODLEGLOSCI - BLITZ 3'+2'' "]
[Site "Szczyrk"]
[Date "2018-11-11"]
[Round "5.30"]
[White "Buchta, Agnieszka"]
[Black "Majdecka, Nikola "]
[Result "1-0"]
[WhiteTitle ""]
[BlackTitle ""]
[WhiteElo "1586"]
[BlackElo "1267"]

1. e4 e5 2. d4 exd4 3. Nf3 Nc6 4. Bc4 h6 5. Nxd4 Bc5 6. Nf5 Qf6 7. O-O Nge7 8.
Nc3 Nxf5 9. exf5 Qxf5 10. Re1+ Ne7 11. Qe2 O-O 12. Ne4 Bb6 13. Ng3 Qf6 14. Bd2
d5 15. Bd3 Bd7 16. Bc3 Qd6 17. Qxe7 Qxe7 18. Rxe7 Be6 19. Bf5 Bxf5 20. Nxf5 Rad8
21. Rae1 d4 22. Bb4 Rfe8 23. Rxe8+ Rxe8 24. Rxe8+ Kh7 25. Re7 c5 26. Bd2 1-0

[Event "SZCZYRK OPEN - TURNIEJ Z OKAZJI SWIETA NIEPODLEGLOSCI - BLITZ 3'+2'' "]
[Site "Szczyrk"]
[Date "2018-11-11"]
[Round "5.31"]
[White "Lambrecht, Tomasz"]
[Black "Zielinski, Marcin"]
[Result "1-0"]
[WhiteTitle ""]
[BlackTitle ""]
[WhiteElo "1343"]
[BlackElo "1576"]

1. d4 Nf6 2. c4 c5 3. d5 e6 4. Nc3 exd5 5. cxd5 d6 6. Nf3 g6 7. e4 Bg7 8. Bd3 O-O
9. h3 Re8 10. O-O a6 11. a4 b6 12. Re1 Nbd7 13. Bf4 Qc7 14. Qc2 Bb7 15. Re2 Re7
16. Rae1 Rae8 17. Nb1 h6 18. Nbd2 Kh7 19. Nc4 Ne5 20. Nfxe5 Rxe5 21. Nxe5 dxe5
22. Bh2 Bf8 23. Qd2 c4 24. Qc3 b5 25. axb5 axb5 26. Bc2 b4 27. Qd2 Bd6 28. f4
exf4 29. Rf1 g5 30. Qd4 Be5 31. Qd2 Kg7 32. Qxb4 Rb8 33. Qd2 Qb6+ 34. Kh1 Qxb2
35. g3 fxg3 36. Bg1 c3 37. Qd3 Qa3 38. d6 Ba6 39. Qd1 Bxe2 40. Qxe2 Qxd6 41. Rd1
Qc6 42. Be3 Rb2 43. Rc1 Nxe4 44. Bxe4 Qxe4+ 45. Qa6 1-0

[Event "SZCZYRK OPEN - TURNIEJ Z OKAZJI SWIETA NIEPODLEGLOSCI - BLITZ 3'+2'' "]
[Site "Szczyrk"]
[Date "2018-11-11"]
[Round "5.32"]
[White "Zamarska, Sylwia "]
[Black "Kubaszewski, Piotr "]
[Result "1/2-1/2"]
[WhiteTitle ""]
[BlackTitle ""]
[WhiteElo "1552"]
[BlackElo "1278"]

1. d4 d5 2. Nf3 Nc6 3. Bf4 g6 4. e3 Bg7 5. Bb5 Bd7 6. c3 Nf6 7. Nbd2 a6 8. Ba4
b5 9. Bc2 O-O 10. O-O Re8 11. Ne5 Nxe5 12. Bxe5 Ng4 13. Bg3 c6 14. Nf3 e5 15.
h3 e4 16. hxg4 Bxg4 17. Qd2 exf3 18. Bd1 fxg2 19. Kxg2 Qd7 20. Bxg4 Qxg4 21. Rh1
Qe4+ 22. Kg1 Qf3 23. Qd1 Re4 24. Bf4 f5 25. Kg2 Rae8+ 1/2-1/2

[Event "SZCZYRK OPEN - TURNIEJ Z OKAZJI SWIETA NIEPODLEGLOSCI - BLITZ 3'+2'' "]
[Site "Szczyrk"]
[Date "2018-11-11"]
[Round "5.33"]
[White "Drozdzal, Michal "]
[Black "Derylo, Kamil"]
[Result "1-0"]
[WhiteTitle ""]
[BlackTitle ""]
[WhiteElo "1375"]
[BlackElo "1536"]

1. e4 c5 2. Nc3 d6 3. Bb5+ Nd7 4. f4 a6 5. Bxd7+ Bxd7 6. Nf3 Nf6 7. O-O g6 8. d3
Bg7 9. Qe1 O-O 10. Qh4 b5 11. f5 gxf5 12. Bh6 Bxh6 13. Qxh6 e5 14. Ng5 Be6 15.
exf5 b4 16. Nce4 Re8 17. Nxf6+ 1-0

[Event "SZCZYRK OPEN - TURNIEJ Z OKAZJI SWIETA NIEPODLEGLOSCI - BLITZ 3'+2'' "]
[Site "Szczyrk"]
[Date "2018-11-11"]
[Round "5.34"]
[White "Wilgosz, Tomasz"]
[Black "Krzywicki, Michal"]
[Result "0-1"]
[WhiteTitle ""]
[BlackTitle ""]
[WhiteElo "1533"]
[BlackElo "1306"]

1. e4 c5 2. Nf3 g6 3. c3 d5 4. exd5 Qxd5 5. d4 Nc6 6. Bb5 a6 7. Bxc6+ Qxc6 8. h3
Bg7 9. d5 Qd7 10. O-O b5 11. Be3 c4 12. Bd4 Bxd4 13. Qxd4 Nf6 14. Rd1 O-O 15.
Ne5 Qd6 16. a4 Bb7 17. axb5 axb5 18. Rxa8 Bxa8 19. Ng4 Nxg4 20. Qxg4 Rd8 21. Na3
Qc5 22. Qg5 Rxd5 23. Rxd5 Qxd5 24. Qxd5 Bxd5 25. Nxb5 Kg7 26. Nc7 Bc6 27. f4 Kf6
28. Kf2 e6 29. Na6 Ke7 30. Nb4 Kd6 31. Ke3 Bxg2 32. h4 Bd5 33. Kd4 f6 34. Nc2
h6 35. Ne3 g5 36. hxg5 e5+ 37. fxe5+ fxe5# 0-1

[Event "SZCZYRK OPEN - TURNIEJ Z OKAZJI SWIETA NIEPODLEGLOSCI - BLITZ 3'+2'' "]
[Site "Szczyrk"]
[Date "2018-11-11"]
[Round "5.35"]
[White "Kazmierowski, Tymon"]
[Black "Seredyn, Dominik "]
[Result "0-1"]
[WhiteTitle ""]
[BlackTitle ""]
[WhiteElo "1306"]
[BlackElo "1528"]

1. e4 c5 2. c4 g6 3. Nc3 Bg7 4. g3 d6 5. Bg2 Nc6 6. d3 Nf6 7. Nge2 O-O 8. O-O e6
9. f4 Nd7 10. Be3 Nd4 11. Bxd4 cxd4 12. Nb5 Qb6 13. Rb1 a6 14. Na3 Qc7 15. Nc2
e5 16. f5 Re8 17. g4 f6 18. h4 Nf8 19. g5 Qf7 20. Ng3 Bd7 21. fxg6 Nxg6 22. h5
Nf4 23. gxf6 Bxf6 24. Bf3 Bh4 25. Ne2 Kh8 26. Nxf4 Qxf4 27. Bg2 Qg5 28. Qf3 Rg8
29. Nb4 Bg4 30. Qf7 Bh3 31. Rf2 Bxf2+ 32. Kxf2 Qxg2+ 33. Ke1 Qg1+ 34. Kd2 Rg2+
0-1

[Event "SZCZYRK OPEN - TURNIEJ Z OKAZJI SWIETA NIEPODLEGLOSCI - BLITZ 3'+2'' "]
[Site "Szczyrk"]
[Date "2018-11-11"]
[Round "5.36"]
[White "Starosciak, Szymon "]
[Black "Majdecki, Robert "]
[Result "1-0"]
[WhiteTitle ""]
[BlackTitle ""]
[WhiteElo "1233"]
[BlackElo "1508"]

1. e4 c5 2. Nf3 g6 3. d4 cxd4 4. Nxd4 Bg7 5. Nc3 Nc6 6. Be3 e6 7. Ndb5 Bf6 8. Nd6+
Ke7 9. Bc5 Bxc3+ 10. bxc3 Kf6 11. Qf3+ Kg7 12. Qxf7+ Kh6 13. Be3+ g5 14. h4 1-0

[Event "SZCZYRK OPEN - TURNIEJ Z OKAZJI SWIETA NIEPODLEGLOSCI - BLITZ 3'+2'' "]
[Site "Szczyrk"]
[Date "2018-11-11"]
[Round "5.37"]
[White "Kindler, Karolina"]
[Black "Bochenek, Ryszard"]
[Result "0-1"]
[WhiteTitle ""]
[BlackTitle ""]
[WhiteElo "1504"]
[BlackElo "1252"]

1. d4 Nf6 2. c4 d6 3. Nc3 g6 4. Nf3 Bg7 5. Bf4 Nbd7 6. h3 O-O 7. e3 Re8 8. Be2
c5 9. d5 a6 10. O-O Rb8 11. a4 b6 12. Qc2 Nf8 13. e4 e5 14. dxe6 Nxe6 15. Bh2
Qe7 16. Rfd1 Rd8 17. Rd2 Bb7 18. Rad1 Ne8 19. Nd5 Bxd5 20. Rxd5 Nd4 21. Nxd4 Bxd4
22. Qd2 Nc7 23. Rg5 Qxe4 24. Bd3 Qe7 25. Re1 Qf6 26. b3 Bxf2+ 27. Qxf2 Qxg5 28.
Bf4 Qf6 29. Qg3 Rd7 30. Rf1 Qd4+ 31. Kh2 Ne6 32. Bh6 Qe5 33. Bf4 Nxf4 34. Rxf4
g5 35. Rg4 Qxg3+ 36. Rxg3 h6 37. Re3 f6 38. Bf5 Rf7 39. Be6 Re8 40. Bxf7+ Kxf7
41. Rd3 Re6 42. Kg3 f5 43. Kf3 Kf6 44. g3 h5 45. Rd5 g4+ 46. hxg4 hxg4+ 47. Kf2
Kg5 48. Rd3 f4 49. gxf4+ Kxf4 50. Rg3 Re2+ 51. Kxe2 Kxg3 0-1

[Event "SZCZYRK OPEN - TURNIEJ Z OKAZJI SWIETA NIEPODLEGLOSCI - BLITZ 3'+2'' "]
[Site "Szczyrk"]
[Date "2018-11-11"]
[Round "5.38"]
[White "Gradzki, Artur "]
[Black "Sowierszenko, Tomasz "]
[Result "1-0"]
[WhiteTitle ""]
[BlackTitle ""]
[WhiteElo "1128"]
[BlackElo "1503"]

1. e4 e5 2. Nf3 Nc6 3. Bc4 d6 4. h3 Be7 5. c3 a6 6. d4 b5 7. Bd5 Bb7 8. Be3 Rb8
9. Bb3 Nf6 10. d5 Na5 11. Bc2 Nc4 12. b3 Nxe3 13. fxe3 h6 14. O-O O-O 15. c4 bxc4
16. bxc4 c6 17. Nc3 Qa5 18. Ne2 Bc8 19. Bb3 c5 20. Qd2 Qxd2 21. Nxd2 Bd8 22. Nf3
Nxe4 23. Rab1 Bf6 24. Bc2 Rxb1 25. Rxb1 Ng5 26. Nxg5 Bxg5 27. e4 f5 28. Rb6 f4
29. Rxd6 f3 30. gxf3 Rxf3 31. Kg2 Rc3 32. Nxc3 Bd2 33. Nb1 Bb4 34. Rd8+ Kh7 35.
Rxc8 1-0

[Event "SZCZYRK OPEN - TURNIEJ Z OKAZJI SWIETA NIEPODLEGLOSCI - BLITZ 3'+2'' "]
[Site "Szczyrk"]
[Date "2018-11-11"]
[Round "5.39"]
[White "Chaczynski, Kamil"]
[Black "Cwiklinski, Jacek"]
[Result "1-0"]
[WhiteTitle ""]
[BlackTitle ""]
[WhiteElo "1486"]
[BlackElo "1245"]

1. e4 e5 2. Nc3 Nc6 3. f4 d6 4. Nf3 g6 5. Bc4 Bg7 6. d3 Bg4 7. O-O exf4 8. Bxf4
Bxc3 9. bxc3 Nf6 10. Qd2 Bxf3 11. Rxf3 Ne5 12. Bxe5 dxe5 13. Qg5 Nd7 14. Bxf7+
Kf8 15. Qh6+ Ke7 16. Raf1 Kd6 17. Bxg6 c6 18. Bf5+ Kc7 19. Bxd7 Kb6 20. Qd6 a6
21. d4 Qc7 22. Qc5# 1-0

[Event "SZCZYRK OPEN - TURNIEJ Z OKAZJI SWIETA NIEPODLEGLOSCI - BLITZ 3'+2'' "]
[Site "Szczyrk"]
[Date "2018-11-11"]
[Round "5.41"]
[White "Bochenek, Kacper "]
[Black "Pisarek, Jan "]
[Result "0-1"]
[WhiteTitle ""]
[BlackTitle ""]
[WhiteElo "1463"]
[BlackElo "1256"]

1. e4 c5 2. Nf3 d6 3. d4 cxd4 4. Nxd4 Nf6 5. Nc3 g6 6. Be3 Bg7 7. Be2 Nc6 8. f3
O-O 9. Qd2 d5 10. Nxc6 bxc6 11. e5 Nd7 12. f4 e6 13. Na4 Qe7 14. Qc3 Bb7 15. Nc5
Rab8 16. Nxd7 Qxd7 17. Bc5 Rfc8 18. Bd6 Ra8 19. O-O-O Bf8 20. Bxf8 Kxf8 21. Qc5+
Qe7 22. Qf2 c5 23. c4 d4 24. Rd3 Be4 25. Rd2 Qd7 26. Bf3 Bxf3 27. Qxf3 Qa4 28.
b3 Qc6 29. Rd3 Qxf3 30. Rxf3 a5 31. Kb2 Rcb8 32. g4 a4 33. f5 Ke7 34. fxg6 fxg6
35. Rhf1 Rf8 36. Rxf8 Rxf8 37. Rxf8 Kxf8 38. bxa4 Ke7 39. Kc2 Kd7 40. a5 Kc6 41.
Kd3 Kb7 42. h4 Ka6 43. h5 g5 44. h6 Kxa5 45. Kc2 Ka4 46. Kb2 Kb4 47. Kc2 Kxc4
48. Kd2 Kd5 49. Kd3 c4+ 50. Kc2 Kxe5 51. Kd2 Kd5 52. Kc2 e5 53. Kd2 e4 54. Ke2
c3 55. Kd1 d3 56. Ke1 e3 57. Kd1 c2+ 58. Kc1 e2 59. Kd2 c1=Q+ 0-1

[Event "SZCZYRK OPEN - TURNIEJ Z OKAZJI SWIETA NIEPODLEGLOSCI - BLITZ 3'+2'' "]
[Site "Szczyrk"]
[Date "2018-11-11"]
[Round "5.43"]
[White "Borsuk, Aleksandra "]
[Black "Kordela, Monika"]
[Result "0-1"]
[WhiteTitle ""]
[BlackTitle ""]
[WhiteElo "1221"]
[BlackElo "1451"]

1. e4 c5 2. Nf3 d6 3. d4 cxd4 4. Nxd4 Nf6 5. Nc3 g6 6. g3 Bg7 7. Bg2 O-O 8. O-O
Nc6 9. Be3 Bd7 10. Re1 Rc8 11. Nxc6 bxc6 12. Qd2 Re8 13. Rad1 Qc7 14. a3 a6 15.
Na4 Rb8 16. b3 c5 17. Bg5 Bc6 18. Nc3 Rbd8 19. Nd5 Nxd5 20. exd5 Bb7 21. c4 Bc8
22. Qe3 Qb7 23. Qd3 Bf5 24. Qc3 Bxc3 25. Re2 Qxb3 26. Rc1 Qxa3 27. h3 Bd3 0-1

[Event "SZCZYRK OPEN - TURNIEJ Z OKAZJI SWIETA NIEPODLEGLOSCI - BLITZ 3'+2'' "]
[Site "Szczyrk"]
[Date "2018-11-11"]
[Round "5.44"]
[White "Polak, Sylwia"]
[Black "Wilgosz, Jan "]
[Result "1-0"]
[WhiteTitle ""]
[BlackTitle ""]
[WhiteElo "1432"]
[BlackElo "1242"]

1. d4 Nf6 2. c4 e6 3. Nc3 Bb4 4. Nf3 O-O 5. Qc2 c5 6. e3 b6 7. Be2 Bb7 8. O-O d6
9. a3 Bxc3 10. Qxc3 Nbd7 11. b4 Ne4 12. Qc2 Rc8 13. b5 f5 14. Bb2 Ng5 15. Nd2
Ne4 16. f3 Nxd2 17. Qxd2 Qg5 18. Rad1 Rf6 19. dxc5 Rg6 20. Bd3 Nxc5 21. Bb1 h5
22. Qf2 h4 23. Rxd6 h3 24. g3 Rf8 25. Be5 Rh6 26. Bf4 Qg6 27. Bxh6 Qxh6 28. Rfd1
f4 29. exf4 Rxf4 30. Rd8+ Rf8 1-0

[Event "SZCZYRK OPEN - TURNIEJ Z OKAZJI SWIETA NIEPODLEGLOSCI - BLITZ 3'+2'' "]
[Site "Szczyrk"]
[Date "2018-11-11"]
[Round "5.45"]
[White "Komisarski, Jerzy"]
[Black "Hampel, Anna "]
[Result "0-1"]
[WhiteTitle ""]
[BlackTitle ""]
[WhiteElo "1208"]
[BlackElo "1426"]

1. c4 e6 2. e4 c5 3. Nf3 Nc6 4. d4 cxd4 5. Nxd4 d6 6. Nc3 Nf6 7. Bg5 Be7 8. Be2
O-O 9. O-O Bd7 10. f4 Rc8 11. Ncb5 Nxd4 12. Nxd4 h6 13. Bh4 Nxe4 14. Bxe7 Qxe7
15. b3 Nc3 16. Qc2 Nxe2+ 17. Qxe2 e5 18. fxe5 dxe5 19. Nf3 f6 20. Qc2 Bc6 21.
Nh4 Rcd8 22. Ng6 Qc5+ 23. Kh1 Rf7 24. Qf5 Bd7 25. Qf3 Qc6 26. Qxc6 Bxc6 27. Rad1
Rfd7 28. Rxd7 Rxd7 29. Kg1 Kf7 30. Nh4 Rd2 31. Rf2 Rd1+ 32. Rf1 Rxf1+ 33. Kxf1
Be4 34. a3 Ke6 35. b4 b6 36. Nf3 Bd3+ 37. Kf2 Bxc4 38. Ke3 Bd5 39. g3 Bxf3 40.
Kxf3 Kd5 41. Ke3 f5 42. h3 a5 43. bxa5 bxa5 44. a4 0-1

[Event "SZCZYRK OPEN - TURNIEJ Z OKAZJI SWIETA NIEPODLEGLOSCI - BLITZ 3'+2'' "]
[Site "Szczyrk"]
[Date "2018-11-11"]
[Round "5.46"]
[White "Krupinski, Mikolaj "]
[Black "Strzoda, Szymon"]
[Result "1-0"]
[WhiteTitle ""]
[BlackTitle ""]
[WhiteElo "1414"]
[BlackElo "1190"]

1. e4 e6 2. d4 d5 3. Nd2 dxe4 4. Nxe4 Bd7 5. Nf3 Bc6 6. Nc3 Nd7 7. Bf4 Ngf6 8.
h3 Bb4 9. Bd3 Nd5 10. Bd2 Nxc3 11. Bxc3 Bxc3+ 12. bxc3 Nf6 13. O-O O-O 14. Ne5
Qd5 15. Nxc6 Qxc6 16. c4 Rad8 17. c3 Ne4 18. Qc2 Nd6 19. Bxh7+ Kh8 20. Bd3 Nxc4
21. Qe2 e5 22. Qh5+ Qh6 23. Qxh6+ gxh6 24. Bxc4 exd4 25. cxd4 Rxd4 26. Bb3 c5
27. Rad1 f6 28. Rxd4 cxd4 29. Rd1 Rd8 30. f4 Kg7 31. Rd3 Kg6 32. Bc2 Kf7 33. f5
Kg7 34. Kf2 h5 35. Kf3 Kh6 36. Ke4 Kg5 37. Rxd4 Rxd4+ 38. Kxd4 Kf4 39. Be4 b6
40. Bc6 Kxf5 41. Ke3 Ke5 42. Kf3 Kf5 43. Be4+ Ke5 44. Bg6 a5 45. Bxh5 b5 46. Be8
b4 47. Ba4 1-0

[Event "SZCZYRK OPEN - TURNIEJ Z OKAZJI SWIETA NIEPODLEGLOSCI - BLITZ 3'+2'' "]
[Site "Szczyrk"]
[Date "2018-11-11"]
[Round "5.47"]
[White "Kucza, Kamil "]
[Black "Smolen, Sebastian"]
[Result "1-0"]
[WhiteTitle ""]
[BlackTitle ""]
[WhiteElo "1200"]
[BlackElo "1411"]

1. e4 e6 2. Nf3 d5 3. e5 c5 4. Bb5+ Bd7 5. Bxd7+ Nxd7 6. d3 Qc7 7. Bf4 Ne7 8. O-O
Ng6 9. Bg3 Ndxe5 10. Nxe5 Nxe5 11. d4 cxd4 12. Qxd4 Bd6 13. Re1 Nc6 14. Qxg7 O-O-O
15. Bxd6 Qxd6 16. Qxf7 Rde8 17. h3 Rhf8 18. Qxh7 Qf4 19. f3 Qd4+ 20. Kh1 Qxb2
21. Nd2 Qc3 22. Qd3 Qg7 23. Rab1 Rg8 24. Rg1 Qg3 1-0

[Event "SZCZYRK OPEN - TURNIEJ Z OKAZJI SWIETA NIEPODLEGLOSCI - BLITZ 3'+2'' "]
[Site "Szczyrk"]
[Date "2018-11-11"]
[Round "5.48"]
[White "Malik, Maciej"]
[Black "Rydzewski, Marceli "]
[Result "0-1"]
[WhiteTitle ""]
[BlackTitle ""]
[WhiteElo "1407"]
[BlackElo "1146"]

1. d4 d6 2. b3 g6 3. Bb2 Bg7 4. e3 Nf6 5. Nf3 Nbd7 6. Bd3 O-O 7. O-O c5 8. Qe2
b6 9. Nbd2 Bb7 10. c4 Re8 11. Rac1 e5 12. dxe5 Bxf3 13. Nxf3 Nxe5 14. Nxe5 dxe5
15. Rfd1 Qc7 16. e4 Rad8 17. Bc2 Bh6 18. Rxd8 Rxd8 19. Rd1 Rxd1+ 20. Qxd1 a5 21.
h3 Bg7 22. Bc1 Qd7 23. Qxd7 Nxd7 24. f3 Kf8 25. Kf2 Ke7 26. Bg5+ f6 27. Bd2 g5
28. g3 h5 29. f4 Bh6 30. fxg5 Bxg5 31. Be3 Nb8 32. h4 Bxe3+ 33. Kxe3 Nc6 34. Bd1
Nb4 35. a3 Nc6 36. Bxh5 Kf8 37. Bd1 Nd4 38. g4 b5 39. a4 b4 40. h5 Kg7 41. Kf2
Kh6 42. Kg2 Ne6 43. Kg3 Kg5 44. Be2 Nd4 45. Bd1 Nc6 46. Kf3 Ne7 47. Kg3 Ng8 48.
Kf3 Nh6 49. Kg3 Nf7 50. Bc2 Nh6 51. Bd1 Nf7 52. Be2 Nd6 53. Bd3 Kh6 54. Kh4 Nf7
55. Bc2 Ng5 56. Kg3 Ne6 57. Bb1 Kg5 58. Bc2 Nd4 59. Bd1 Nc6 60. Bc2 Kh6 61. Bd1
Nd8 62. Kh4 Nf7 63. Kg3 Ng5 64. Bc2 Kg7 65. Bd3 Ne6 66. Bc2 Kh6 67. Bb1 Nd4 68.
Ba2 Kg5 69. Kh3 Ne2 70. Bb1 Nf4+ 71. Kg3 Ne2+ 72. Kh3 Nd4 73. Ba2 Nc2 74. Bb1
Ne3 75. Kg3 Nxg4 76. Bd3 Ne3 77. Bf1 Nxf1+ 78. Kf2 Nd2 79. Ke2 Nxb3 80. Kd1 Nd4
81. Kc1 Kxh5 82. Kb2 Kg5 83. Kc1 f5 84. exf5 Kxf5 85. Kd2 Ke4 86. Ke1 Ke3 87.
Kd1 e4 88. Ke1 Kd3 89. Kd1 Kxc4 90. Kd2 b3 91. Kc1 e3 92. Kd1 e2+ 93. Ke1 b2 94.
Kf2 b1=Q 95. Kg3 Qd3+ 96. Kg4 Qe4+ 97. Kg5 Qf5+ 98. Kh4 Nf3+ 99. Kg3 e1=B+ 100.
Kg2 Qg4+ 101. Kf1 Nd2+ 102. Kxe1 Qg2 103. Kd1 Ne4 104. Ke1 Qf2+ 105. Kd1 Qd2#
0-1

[Event "SZCZYRK OPEN - TURNIEJ Z OKAZJI SWIETA NIEPODLEGLOSCI - BLITZ 3'+2'' "]
[Site "Szczyrk"]
[Date "2018-11-11"]
[Round "5.49"]
[White "Miler, Franciszek"]
[Black "Wiszniewski, Szymon"]
[Result "0-1"]
[WhiteTitle ""]
[BlackTitle ""]
[WhiteElo "1197"]
[BlackElo "1395"]

1. e4 c5 2. Nf3 d6 3. d4 cxd4 4. Nxd4 Nf6 5. Nc3 a6 6. Be2 e5 7. Nb3 Be7 8. O-O
O-O 9. Bg5 Be6 10. Bxf6 Bxf6 11. Nd5 Bxd5 12. Qxd5 Qc7 13. Bc4 Nd7 14. a4 Nb6
15. Qa5 Qxc4 16. Qxb6 Qxc2 17. Qe3 Qxb2 18. Na5 Qb4 19. Nb3 Rac8 20. Rfd1 Rc3
21. Qd2 Rxb3 22. Qxd6 Qxd6 23. Rxd6 Rc8 24. Rd7 Ra3 25. Rad1 Rxa4 26. Rxb7 Rxe4
27. f3 Rd4 28. Rdb1 g6 29. Ra1 Rd2 30. Rxa6 Rc1# 0-1